000 00729nam a2200253Ia 4500
003 OSt
005 20221007100414.0
006 a|||||r|||| 00| 0
007 ta
008 221006b |||||||| |||| 00| 0 eng d
024 _a4,363
037 _cMonograhic Series
040 _aLCO
_cLCO
_beng
041 _2eng
_aeng
082 _aX:575, L0.10
100 _aKRUEGER Anne O
245 0 _aForeign trade regimes & economic develop
_b Liberalization attempts and consequenes
260 _aCambridge
_bBallinger
_c1978
300 _a310
490 _vVol - 10
650 _aFOREIGN TRADE
942 _hX:575, L0.10
_cREF
999 _c1173926
_d1173926